| 000 | 01547nam a2200301 4500 | ||
|---|---|---|---|
| 005 | 20240530110959.0 | ||
| 008 | 230117s2021 ua a f b 001 0 ara d | ||
| 017 |
_a2012/11748 _bمصر. دار الكتب |
||
| 020 | _a9789770533604 | ||
| 040 |
_aEG-CaGPL _cEG-CaGPL |
||
| 082 | 0 | 4 |
_221 _a616.8142 _bم د |
| 100 | 1 | _aمكارى، ماثيو | |
| 245 | 1 | 2 |
_aالدليل العملى لمهارات العلاج الجدلى السلوكى : _bترجمة الطبعة الثانية : تدريبات عملية على العلاج الجدلى السلوكى لتعليم التعقل والفاعلية بين الشخصية وتنظيم المشاعر وتحمل الكرب / _cتاليف ماثيو مكارى، جيفرى سى وود، جيفرى برانيلى ؛ ترجمة عبدالجواد خليفة ابو زيد |
| 250 | _aالاولى | ||
| 260 |
_aالقاهرة : _bمكتبة الانجلو المصرية ، _c2021. |
||
| 300 |
_a420 ص. : _bايض ؛ _c24 سم. |
||
| 504 | _aيشتمل على ارجاعات ببليوجرافية | ||
| 650 | 0 | 7 |
_2qrmak _aالسلوك _xانماط |
| 650 | 0 | 7 |
_2qrmak _aالعلاج السلوكى |
| 650 | 0 | 7 |
_2qrmak _aالطب الشعبى |
| 650 | 0 | 7 |
_2qrmak _aالسلوك الاجتماعى |
| 651 | _2qrmak | ||
| 700 | 1 |
_aوودن، جيفرى سى _eمؤلف مشارك |
|
| 700 | 1 |
_aبرانتلى، جيفرى _eمؤلف مشارك |
|
| 700 | 0 |
_aعبدالجواد خليفة ابو زيد _eمترجم |
|
| 942 |
_2ddc _cBK |
||
| 999 |
_c67149 _d67149 |
||